Par un popul ch'al nol vueli sparì (Record no. 206803)

MARC details
000 -LEADER
fixed length control field 00717npc a2200205Ia 4500
001 - CONTROL NUMBER
control field dp4/4-761 [d000000681]
003 - CONTROL NUMBER IDENTIFIER
control field IT-MiCISF
008 - FIXED-LENGTH DATA ELEMENTS--GENERAL INFORMATION
fixed length control field 161014s9999||||xx | und||
040 ## - CATALOGING SOURCE
Original cataloging agency IT-MiCISF
Transcribing agency IT-MiCISF
041 ## - LANGUAGE CODE
Language code of text/sound track or separate title it
999 ## - SYSTEM CONTROL NUMBERS (KOHA)
Koha Dewey Subclass [OBSOLETE] si
100 ## - MAIN ENTRY--PERSONAL NAME
Personal name Battisti Alfredo
245 #0 - TITLE STATEMENT
Title Par un popul ch'al nol vueli sparì
Remainder of title Eucaristia e chiesa domestica. Lettera pastorale in preparazione al congresso eucaristico diocesano 1992
250 ## - EDITION STATEMENT
Edition statement 1a ed.
260 ## - PUBLICATION, DISTRIBUTION, ETC. (IMPRINT)
Place of publication, distribution, etc. Udine
Name of publisher, distributor, etc. Arcidiocesi di Udine
Date of publication, distribution, etc. 1991
300 ## - PHYSICAL DESCRIPTION
Extent p. 59
500 ## - GENERAL NOTE
General note / pastorale-familiare, chiesa-domestica, fede, matrimonio-sacramento, spiritualità-familiare, valori /
650 ## - SUBJECT ADDED ENTRY--TOPICAL TERM
Topical term or geographic name as entry element pastorale-familiare
942 ## - ADDED ENTRY ELEMENTS (KOHA)
Koha item type DOCUMENTI
957 ## -
-- 1
999 ## - SYSTEM CONTROL NUMBERS (KOHA)
-- 1
Holdings
Withdrawn status Lost status Damaged status Not for loan Home library Current library Date acquired Total Checkouts Full call number Date last seen Price effective from Koha item type Public note
    Buone Condizioni Not For Loan CISF - Milano CISF - Milano 14/10/2016   dp4/4-761 [d000000681] 14/10/2016 14/10/2016 DOCUMENTI Data import 15.10.2016 / by Epidotti, Vaglietti
CREDITS: SOCIETA' SAN PAOLO Via A.Severo, 58 - ROMA (RM) & PERIODICI SAN PAOLO SRL Via Giotto, 36 MILANO & CISF Via Giotto, 36 MILANO & EDIZIONI SAN PAOLO SRL,  Piazza Soncino, 5 CINISELLO BALSAMO (MI) -- ITALY